00975nam a22002417i 4500999001700000003000900017008004100026020002200067040007100089082002700160110003600187245003800223260004100261300004600302505011700348650002900465650003000494650002800524856003100552942001600583945002100599952011300620  c23265d23265AR-CdUCM250411b20222022 pe||||| |||| 00| 0 spa d  a978-84-9178-994-9  aMUNICIPALIDAD PROVINCIAL DEL CUSCOcBIBLIOTECA MUNICIPAL DEL CUSCO  aPI / 869.56 / A53bA53  aEdiciones Saldaña S.A.951125  a Cuentos con animalitos felices /  aEspaña :bEditores Saldañac2022  a47 páginas. :bIlustracionesc28x21 cm.  aAmorína la jirafa -- El Zorro solitario -- El día del panda -- La melena del león -- El trabajo del castor  aLiteratura infantil9588  aCuentos infantiles951126  aPrimera infancia924660  fwww.edicionessaldaña.com  2ddccLIBROS  apbjrd11-04-2025  002ddc4070aSIbSIcCARTd2025-04-11eDonacióng5.00oPI / 869.56 / A53 pSI00005002r2025-04-11yLIBROS